| 000 | 00507nam a2200133Ia 4500 | ||
|---|---|---|---|
| 008 | 171212s9999 xx 000 0 und d | ||
| 020 | _a9781921536748 | ||
| 100 | _aMcDonald, David;Bammer, Gabriele;Deane, Peter | ||
| 245 |
_cMcDonald, David;Bammer, Gabriele;Deane, Peter _aResearch Integration Using Dialogue Methods |
||
| 260 |
_bANU E Press _c2009 |
||
| 650 | _aInterdisciplinary approach to knowledge; Research -- Methodology | ||
| 650 | _aSociology | ||
| 856 | _uwww.jstor.org/stable/10.2307/j.ctt24hb0t | ||
| 999 |
_c351295 _d351295 |
||